000 00433nam a2200145Ia 4500
003 OSt
005 20260227104214.0
008 211028s2019 xx 000 0 und d
040 _cAIMIT LIBRARY
041 _aeng
100 _aSherin, K S; Baretto, Royce.
_g1716184
_98158
245 _aStudy on effectiveness of training at Bharath Auto Cars Kuntikana Mangalore /
260 _aMangalore
_bT Ramesh Kamath
_c2019
942 _2ddc
_cPRO
999 _c219726
_d219726